LEADER 01463nam a2200325 u 4500 001 000000071732 003 CaOOAMICUS 005 20070226122150.0 008 020604s1985 it u000 u ita u 020 $a883114278X 035 $a10931883 040 $aPUL(R)$bita 041 1 $aita$hfre 100 1 $aCarolus de Foucauld,$csanto,$d1858-1916.$0(OLS)http://pul/name/40585 240 10$aLettere$9(Foucauld, Charles de, sac., 1859-1916).$1Gruppi, scelte.$0(OLS)http://pul/title/94408 245 10$aLettere a un amico di liceo :$bcorrispondenza inedita con Gabriel Tourdes (1874-1915) /$cCharles de Foucauld. 260 $aRoma :$bCittà Nuova,$cc1985. 300 $a156 p. ;$c19 cm 500 $aIn testa al front.: Edizione integrale dell'opera. 504 $aContiene indicazioni bibliografiche. 850 $aPUL 852 $aPUL$W1$xDP1 Religione 1$y20$m557 L 18$j92796$nBK-PRI$b $qStampati$B92796$CPULBib$Z2$F92796 $H $81 900 $aDe Foucauld, Charles Eugène,$cb.,$d1858-1916$940585 900 $aCarolus de Foucauld,$cb.,$d1858-1916?$940585 900 $aCharles de Foucauld,$cb.,$d1858-1916$940585 941 1 $a8 961 $aINV: 57921 996 $6020$a883114278X$9(OLS)http://pul/number/92627 996 $6245$aLettere a un amico di liceo :$bcorrispondenza inedita con Gabriel Tourdes (1874-1915)$9(OLS)http://pul/title/94409 996 $6260$aRoma :$bCittà Nuova$9(OLS)http://pul/publisher/47927